000 00676nam a2200253Ia 4500
001 Para_2773
003 CHAP
008 220125s1987 xx 000 0 und d
010 _a201231
040 _cCHAP
082 _aPA 632.3 J6
100 _aJones, David Gareth
_961994
245 _aPlant pathology :
_b principles and practice /
_c by David Gareth Jones
260 _aEngleword Cliffs, N. J. :
_b Prentice Hall
300 _a191 p.
650 _aFitopatología
_941161
901 _aPA 632.3 J6
902 _aA
905 _a0000001987 ENGa 0000000000 00
910 _a1987
942 _cPARA
942 _cPARA
_d1
999 _c201231
_d201231